Central Library OPAC University of Rajshahi

Law and orders : (Record no. 49319)

MARC details
000 -LEADER
fixed length control field 00766nam a2200241 a 4500
001 - CONTROL NUMBER
control field 49319
003 - CONTROL NUMBER IDENTIFIER
rucl marc code BD-RjUL
005 - DATE AND TIME OF LATEST TRANSACTION
control field 20211209054649.0
008 - FIXED-LENGTH DATA ELEMENTS--GENERAL INFORMATION
fixed length control field 160820s1956 enk 001 0 eng
035 ## - SYSTEM CONTROL NUMBER
System control number (BD-RjUL)49438
040 ## - CATALOGING SOURCE
Original cataloging agency DLC
Transcribing agency CarP
Modifying agency DLC
-- BD-RjUL
Language of cataloging eng
041 ## - LANGUAGE CODE
Language code of text/sound track or separate title eng
082 ## - DEWEY DECIMAL CLASSIFICATION NUMBER
Classification number 342.42
Author mark and year ALL 1965
Edition number 23
100 10 - MAIN ENTRY--PERSONAL NAME
Personal name Allen, Carleton Kemp
9 (RLIN) 13086
245 10 - TITLE STATEMENT
Title Law and orders :
Remainder of title an inquiry into the nature and scope of delegated legislation and executive powers in English law /
Statement of responsibility, etc. Carleton Kemp Allen
250 ## - EDITION STATEMENT
Edition statement 3rd ed.
260 ## - PUBLICATION, DISTRIBUTION, ETC. (IMPRINT)
Place of publication, distribution, etc. London :
Name of publisher, distributor, etc. Stevens,
Date of publication, distribution, etc. 1956
300 ## - PHYSICAL DESCRIPTION
Pagination xviii, 412 p. ;
Size 21 cm.
500 ## - GENERAL NOTE
General note Includes index.
650 ## - SUBJECT ADDED ENTRY--TOPICAL TERM
Topical term or geographic name as entry element Delegation of powers
Geographic subdivision Great Britain.
9 (RLIN) 24487
942 ## - ADDED ENTRY ELEMENTS (KOHA)
Source of classification or shelving scheme Dewey Decimal Classification
Koha item type Books
Holdings
Lost status Source of classification or shelving scheme Damaged status Not for loan Collection code Permanent Location Current Location Shelving location Date acquired Source of acquisition Total Checkouts Full call number Date last seen Copy number Koha item type Cost, normal purchase price
  Dewey Decimal Classification     Non-fiction Central Library, University of Rajshahi Central Library, University of Rajshahi   26/08/1975 W.U.S.   342.42 ALL 1965 20/08/2016 C-2 Books  
  Dewey Decimal Classification     Non-fiction Central Library, University of Rajshahi Central Library, University of Rajshahi   08/12/1970 Sweets & Zeitlinger   342.42 ALL 1965 12/11/2016 C-3 Books 28.00